MARC

LEADER 00000nam0a2200000 4500
001 361570
005 20231102011412.0
035 |a (RuTPU)RU\TPU\retro\18900 
090 |a 361570 
100 |a 20210623d1980 m y0rusy50 ca 
101 0 |a rus 
102 |a RU 
105 |a a j 001zy 
200 1 |a Программированное обучение по курсу "Электроматериаловедение"  |f Ю. П. Нечаев, А. И. Коварский 
210 |a Москва  |c Высшая школа  |d 1980 
215 |a 88 с.  |c ил. 
320 |a Библиогр.: с. 86 
606 1 |a Электроматериаловедение  |2 stltpush  |3 (RuTPU)RU\TPU\subj\20209  |9 45328 
610 1 |a учебные пособия 
610 1 |a программированное обучение 
610 1 |a требования 
610 1 |a учебные кабинеты 
610 1 |a средства обучения 
610 1 |a проводниковые материалы 
610 1 |a магнитные материалы 
610 1 |a электроизоляционные материалы 
610 1 |a полупроводниковые материалы 
610 1 |a опыты 
610 1 |a лабораторные практикумы 
610 1 |a экскурсии 
675 |a 621.3.002.3(075.8)  |v 4 
700 1 |a Нечаев  |b Ю. П.  |g Юрий Петрович 
701 1 |a Коварский  |b А. И.  |g Александр Ильич 
801 1 |a RU  |b 63413507  |c 20210623 
942 |c BK